000
00300nam a2200121Ia 4500
008
190216s9999||||xx |||||||||||||| ||und||
100
_a
Basu S K
245
0
_a
Review Of Currentbanking Theory And Practice
260
_b
Macmillan India Ltd
_c
1971
300
_a
444p
650
_a
Economics
942
_c
BK
999
_c
9229
_d
9229